Návrh opatrení pre personálny marketing a získavanie nových zamestnancov v podniku Silgan Metal Packaging Nove Mesto a. s.

Uložené v:
Podrobná bibliografia
Hlavný autor: Porubanová, Jarmila (Autor)
Ďalší autori: Holeček, Jaroslav (Vedúci práce)
Médium: Rukopis Kniha
Jazyk:Slovak
Vydavateľské údaje: 2015
Predmet:
On-line prístup:http://is.stuba.sk/zp/portal_zp.pl?podrobnosti=96716
Tagy: Pridať tag
Žiadne tagy, Buďte prvý, kto otaguje tento záznam!

MARC

LEADER 00000ntm a22000003a 4500
001 stuzp50061
003 SK-STU
005 20160719153439.1
007 ta
008 150427s2015----xo-----f-mn---000-0-slo-d
040 |a STU  |b slo 
041 0 |a slo 
100 1 |a Porubanová, Jarmila  |u 064000  |4 aut  |U MTF Materiálovotechnologická fakulta  |T MTF Ústav priemyselného inžinierstva a manažmentu  |X 47297  |U M4000  |Y 84  |7 47297 
242 0 1 |a Proposal of Measures for Personnel Marketing and Recruiting New Employees from Labour Market in Company Silgan Metal Packaging Nove Mesto a. s.  |y eng 
245 1 0 |a Návrh opatrení pre personálny marketing a získavanie nových zamestnancov v podniku Silgan Metal Packaging Nove Mesto a. s. 
260 |c 2015 
650 4 |a Personálny manažment  |2 slo 
650 4 |a Marketingový mix  |2 slo 
650 4 |a Personálny marketing  |2 slo 
650 4 |a Získavanie zamestnancov  |2 slo 
650 4 |a Metódy získavania zamestnancov  |2 slo 
650 4 |a Marketing mix  |2 eng 
650 4 |a Personnel marketing  |2 eng 
650 4 |a Recruiting employees  |2 eng 
650 4 |a Personnel management  |2 eng 
650 4 |a Methods of recruitment  |2 eng 
700 1 |a Holeček, Jaroslav  |4 ths  |X 53298  |7 A000053298 
856 4 |u http://is.stuba.sk/zp/portal_zp.pl?podrobnosti=96716 
996 |c M* BP-7364  |l MMSKP  |s P  |a 0  |w stuzp50061_0001 
SQL |a stuzp50061  |b DBP  |c SLO  |d Návrh opatrení pre personálny marketing a získavanie nových zamestnancov v podniku Silgan Metal Packaging Nove Mesto a. s.  |e 47297  |f Porubanová, Jarmila  |g 064000  |h 53298  |i Holeček, Jaroslav  |j 20150623  |k 173  |l 06  |m http://is.stuba.sk/zp/portal_zp.pl?podrobnosti=96716  |n B-PPP  |o 5.2.52. priemyselné inžinierstvo